| 000 | 00534nam a22001937a 4500 | ||
|---|---|---|---|
| 003 | Ost | ||
| 005 | 20240807150011.0 | ||
| 008 | 240806b |||||||| |||| 00| 0 eng d | ||
| 020 | _a9788126573059 | ||
| 040 | _cBT-PhCST | ||
| 050 | _aA25042 | ||
| 082 |
_222 _a670.42 _bGRO |
||
| 100 | _aGroover, Mikell P. | ||
| 245 |
_aPrinciples of modern manufacturing : _b materials, processes, and systems / |
||
| 260 |
_aIndia : _bJohn Wiley, _cc2017 |
||
| 300 |
_axii, 845 p. : _bill. ; _c26 cm. |
||
| 500 | _aIncludes index. | ||
| 942 |
_2ddc _cMEC |
||
| 999 |
_c9844 _d9844 |
||